Les plus grandes Villes des Carpates sur une carte - Statistiques

Statistiques générales
  • Ce quiz a été pris 22 fois
  • Le résultat moyen est 3 sur 7
Réponses sur la Carte
Les réponses sont colorées sur une échelle allant du rouge au vert en fonction du pourcentage des utilisateurs qui les ont devinées à leur premier essai. Vous pouvez retrouver ces pourcentages ci-dessous.
 
Statistiques - réponses
Pays Ville Population % Correct
Slovaquie Bratislava 426 091
95%
Roumanie Cluj-Napoca 324 576
82%
Slovaquie Košice 234 596
50%
Roumanie Brașov 253 200
41%
Hongrie Miskolc 178 950
18%
Pologne Bielsko-Biała 175 677
14%
Roumanie Oradea 196 367
14%
Aucun quiz correspondant
Distribution des résultats
% des personnes avec chaque résultat
Percentile par nombre de réponses
Votre historique - résultats
Vous n’avez pas pris ce quiz